00318 a2200121 4500001000700000020000600007040001100013100002300024240006100047245005600108362000900164440002300173177135 a  cMagnum aGorbachev, Mikhail10aPerestroika: novas ideias para o meu pais e o mundolpor10aPerestroika: novas ideias para o meu pais e o mundo0 a1899 1aCírculo do Livro